Statistics for Top Honey Consuming Countries Per-Capita

Click here to take the quiz!

General Stats

  • This quiz has been taken 147 times
  • The average score is 11 of 20

Answer Stats

#kg.Answer% Correct
200.77Mali / United Kingdom
88%
111.03Germany
76%
41.59Greece
74%
180.8Canada
71%
71.23Switzerland
70%
51.26Turkey
70%
170.81Sweden
67%
61.25Austria
65%
101.09Albania
60%
150.86Slovakia
57%
190.8Portugal
56%
22.2Croatia
54%
130.93Iran
53%
160.84Czechia
52%
121.02Bosnia and Herzegovina
50%
91.12Montenegro
50%
81.21New Zealand
50%
140.87Estonia
44%
31.8Uruguay
9%
13.34Central African Republic
6%

Score Distribution

Percentile by Number Answered

Percent of People with Each Score

Your Score History

You have not taken this quiz